| 000 | 00473nam a2200205Ia 4500 | ||
|---|---|---|---|
| 001 | 13141 | ||
| 003 | GE_BSU | ||
| 008 | 181216s||||||||xx |||||||||||||| ||und|| | ||
| 020 | _a9781447202011 | ||
| 040 | _cGE_BSU | ||
| 080 | _a821.111-32 | ||
| 100 | _aPetulengro,Eva. | ||
| 245 | 4 | _aThe girl in the painted caravan. | |
| 260 | _aLondon. | ||
| 260 | _bPan Books. | ||
| 260 | _c2011 | ||
| 300 | _a310p;18cm. | ||
| 653 | _aThe girl in the painted caravan. | ||
| 942 | _cBK | ||
| 999 |
_c46305 _d46305 |
||